História do Brasil / (Record no. 1300)

MARC details
000 -LÍDER
Campo Fixo de Controle 00779nam a2200241 a 4500
001 - NÚMERO DE CONTROLE
Campo de Controle 1300
003 - IDENTIFICAÇÃO DO NÚMERO DE CONTROLE
Campo de Controle BR-CuiBMT
005 - DATA E HORA DA ÚLTIMA ATUALIZAÇÃO
Campo de Controle 20231204210104.0
008 - DADOS FIXOS
Dados Fixos 231204s2010 dtb 000 0 por d
040 ## - AGÊNCIA CATALOGADORA
Código da Agência Catalogadora BR-CuiBMT
Agência que transcreveu o registro BR-CuiBMT
080 ## - Nº DA CLASSIFICAÇÃO DECIMAL UNIVERSAL
Nº edição CDU 2007
Nº Class. CDU 94
Subd. Auxiliar Comum (81)
090 ## - NÚMERO DE CHAMADA
Nº classificação 94(81)
Cutter S727h
100 1# - ENTRADA PRINCIPAL -- AUTOR PESSOAL
Nome pessoal Southey, Robert,
Datas associadas ao nome 1774-1843.
245 10 - TÍTULO PRINCIPAL
Título principal História do Brasil /
Indicação de responsabilidade Robert Southey.
260 ## - PUBLICAÇÃO, DISTRIBUIÇÃO, ETC.
Local de publicação Brasília :
Editora Senado Federal,
-- Conselho Editorial,
Data 2010.
300 ## - DESCRIÇÃO FÍSICA
N. páginas ou volumes 3 v. ;
Dimensões 23 cm
490 1# - INDICAÇÃO DE SÉRIE
Título da série Edições do Senado Federal ;
Volume/designação sequencial da série v. 133A-133C
590 1# - NOTA LOCAL
Nota local A biblioteca possui os volumes I, II e III.
650 ## - ASSUNTO TÓPICO
Cabeçalho tópico ou nome geográfico História
Subdivisão geográfica Brasil
700 1# - ENTRADA SECUNDÁRIA -- NOME PESSOAL
Nome pessoal Castro, Luiz Joaquim de Oliveira e
Datas associadas ao nome 1826-1888
Termo de relação trad.
830 #0 - ENTRADA SECUNDÁRIA DE SÉRIE -- TÍTULO UNIFORME
Título uniforme Edições do Senado Federal ;
Nº do volume/designação sequencial da série 133A-133C
942 ## - ELEMENTOS DE ENTRADA ADICIONAIS (KOHA)
Fonte de classificação ou esquema de arquivamento Classificação Decimal Universal
Tipo de item do Koha Livros
Holdings
Estado: removido Estado: perdido Fonte de classificação ou esquema de arquivamento Estado: danificado Indisponível para empréstimo Localização permanente Localização atual Data de aquisição Numeração serial ou cronológica (Volume) Total Checkouts Número de Chamada completo Código de barras Date last seen Número do exemplar Preço efetivo a partir de Tipo de item (Koha)
    Classificação Decimal Universal     Biblioteca da Escola Superior de Contas do TCE/MT Biblioteca da Escola Superior de Contas do TCE/MT 04/12/2023 v. 1   94(81) S727h BIBTCEMT23120125 04/12/2023 Ex. 1 04/12/2023 Livros
    Classificação Decimal Universal     Biblioteca da Escola Superior de Contas do TCE/MT Biblioteca da Escola Superior de Contas do TCE/MT 04/12/2023 v. 2   94(81) S727h BIBTCEMT23120126 04/12/2023 Ex. 1 04/12/2023 Livros
    Classificação Decimal Universal     Biblioteca da Escola Superior de Contas do TCE/MT Biblioteca da Escola Superior de Contas do TCE/MT 04/12/2023 v. 3   94(81) S727h BIBTCEMT23120127 04/12/2023 Ex. 1 04/12/2023 Livros

Powered by Koha